000 00703nam a2200169Ia 4500
005 20251020182613.0
008 200515s9999 xx 000 0 und d
082 _aSC/69.057.2/O36
110 _aOficina de Investigación y Normalización
245 0 _aEstudio de materiales y sistemas constructivos : Proyecto Majes
260 _aLima
260 _c1982
300 _as.n.
520 _aSe centra en plantear algunos aspectos concernientes a la satisfacción de los requerimientos de viviendas para los asentamientos humanos que se generan en el Proyecto: construcción de 32,000 viviendas para albergar una población de 110,000 habitantes dist
650 _aSISTEMAS CONSTRUCTIVOS
942 _cLIB
999 _c3417
_d3417